Administración
保存先:
| 主要な著者: | , |
|---|---|
| フォーマット: | 図書 |
| 言語: | スペイン語 |
| 出版事項: |
Ciudad de México
Pearson Educación
2000
|
| 版: | 6a. ed |
| 主題: | |
| タグ: |
タグ追加
タグなし, このレコードへの初めてのタグを付けませんか!
|
MARC
| LEADER | 00000nam a2200000 a 4500 | ||
|---|---|---|---|
| 001 | UCN4399 | ||
| 003 | CL-VaPUC | ||
| 008 | 010803e20000000MX |||||||||||||||||spa|d | ||
| 020 | |a 970170388X | ||
| 082 | 0 | 4 | |a 658 |b ROB |2 21 |
| 100 | 0 | |a Robbins, Stephen P |e author |9 460757 | |
| 700 | 0 | |a Coulter, Mary |e author |9 460758 | |
| 245 | 1 | 0 | |a Administración |
| 250 | |a 6a. ed | ||
| 300 | |a 645 p | ||
| 942 | |c BK | ||
| 945 | |d 20010803 00:00:00 |a vberengu | ||
| 260 | |a Ciudad de México |b Pearson Educación |c 2000 | ||
| 650 | 0 | |a Administración |9 259325 | |
| 650 | 0 | |a Gestión administrativa |9 375217 | |
| 650 | 7 | |a PLANIFICACION |2 CL-VaPUC |9 260802 | |
| 650 | 0 | |a Operaciones administrativas |9 335045 | |
| 650 | 0 | |a Organización |9 256369 | |
| 650 | 0 | |a Administración de empresas |9 260833 | |
| 650 | 0 | |a Liderazgo |9 271835 | |
| 583 | |a last modification |c 20010803 00:00:00 |k Rodrigo Vera | ||
| 999 | |c 296644 |d 296642 | ||
| 952 | |0 0 |1 0 |4 0 |6 658_000000000000000_ROB_2000 |7 0 |8 A |9 350606 |a BIBENE |b BIBENE |d 2019-11-20 |i 3744248 |o 658 ROB 2000 |p 3744248 |r 2025-01-15 |w 2019-11-20 |y BK |k ICO | ||
| 952 | |0 0 |1 0 |4 0 |6 658_000000000000000_ROB_2000 |7 0 |8 A |9 350607 |a BIBENE |b BIBENE |d 2019-11-20 |i 3744256 |o 658 ROB 2000 |p 3744256 |r 2025-01-15 |w 2019-11-20 |y BK |k ICO | ||
| 952 | |0 0 |1 0 |4 0 |6 658_000000000000000_ROB_2000 |7 0 |8 A |9 350608 |a BIBENE |b BIBENE |d 2019-11-20 |i 3744264 |o 658 ROB 2000 |p 3744264 |r 2025-01-15 |w 2019-11-20 |y BK |k ICO | ||
| 952 | |0 0 |1 0 |4 0 |6 658_000000000000000_ROB_2000 |7 0 |8 A |9 350609 |a BIBENE |b BIBENE |d 2019-11-20 |i 3744272 |o 658 ROB 2000 |p 3744272 |r 2025-01-15 |w 2019-11-20 |y BK |k ICO | ||
| 952 | |0 0 |1 0 |4 0 |6 658_000000000000000_ROB_2000 |7 0 |8 A |9 350610 |a BIBENE |b BIBENE |d 2019-11-20 |i 3916383 |o 658 ROB 2000 |p 3916383 |r 2025-01-15 |w 2019-11-20 |y BK |k ICO | ||
| 952 | |0 0 |1 0 |4 0 |6 658_000000000000000_ROB_2000 |7 0 |8 A |9 350611 |a BIBENE |b BIBENE |d 2019-11-20 |i 4024524 |o 658 ROB 2000 |p 4024524 |r 2025-01-15 |w 2019-11-20 |y BK |k ICO | ||
| 952 | |0 0 |1 0 |4 0 |6 658_000000000000000_ROB_2000 |7 0 |8 A |9 350612 |a BIBENE |b BIBENE |d 2019-11-20 |i 4024532 |o 658 ROB 2000 |p 4024532 |r 2025-01-15 |w 2019-11-20 |y BK |k ICO | ||
| 952 | |0 0 |1 0 |4 0 |6 658_000000000000000_ROB_2000 |7 0 |8 A |9 350613 |a BIBENE |b BIBENE |d 2019-11-20 |i 4034058 |o 658 ROB 2000 |p 4034058 |r 2025-01-15 |w 2019-11-20 |y BK |k ICO | ||